Descripción de la ciudad y Obispado de Plasencia / (Record no. 135475)

MARC details
000 -LEADER
campo de control de longitud fija 00768nam a2200217 i 4500
001 - NÚMERO DE CONTROL
campo de control 135475
003 - IDENTIFICADOR DE NÚMERO DE CONTROL
campo de control ES-MaACL
005 - FECHA Y HORA DE LA ÚLTIMA TRANSACCIÓN
campo de control 20230906194906.0
007 - CAMPO FIJO DE DESCRIPCIÓN FÍSICA--INFORMACIÓN GENERAL
campo de control de longitud fija t|
008 - DATOS DE LONGITUD FIJA--INFORMACIÓN GENERAL
campo de control de longitud fija 070718s1961 sp ||||1| spa d
080 ## - NÚMERO DE LA CLASIFICACIÓN DECIMAL UNIVERSAL
Número de la Clasificación Decimal Universal 914.622.1
100 1# - ENTRADA PRINCIPAL--NOMBRE DE PERSONA
Nombre de persona Toro, Luis de.
9 (RLIN) 110682
245 10 - MENCIÓN DEL TÍTULO
Título Descripción de la ciudad y Obispado de Plasencia /
Mención de responsabilidad, etc. por Luis de Toro ; prólogo de Pedro Laín Entralgo ; presentada y comentada por Marceliano Sayáns Castaños.
260 ## - PUBLICACIÓN, DISTRIBUCIÓN, ETC.
Lugar de publicación, distribución, etc. [Plasencia :
Nombre del editor, distribuidor, etc. La Victoria,
Fecha de publicación, distribución, etc. 1961]
300 ## - DESCRIPCIÓN FÍSICA
Extensión X, 61 p. :
Otras características físicas il. ;
Dimensiones 21 cm.
651 #4 - PUNTO DE ACCESO ADICIONAL DE MATERIA--NOMBRE GEOGRÁFICO
Nombre geográfico Plasencia-
Subdivisión general Descripción.
9 (RLIN) 9236
700 1# - ENTRADA AGREGADA--NOMBRE PERSONAL
Nombre de persona Laín Entralgo, Pedro,
Fechas asociadas al nombre 1908-2001
9 (RLIN) 69681
700 1# - ENTRADA AGREGADA--NOMBRE PERSONAL
Nombre de persona Sayáns Castaños, Marceliano.
9 (RLIN) 104101
852 ## - LOCALIZACIÓN
Ubicación ES-MaACL
Número de control de estantería F-14078
Sublocalización o colección R.48142
Holdings
Estatus retirado Estado de pérdida Estado de daño No para préstamo Biblioteca de origen Biblioteca actual Ubicación en estantería Fecha de adquisición Fuente de adquisición Total de préstamos Signatura topográfica completa Código de barras Visto por última vez Precio de reemplazo Tipo de ítem Koha
        Biblioteca del Ateneo de Madrid Biblioteca del Ateneo de Madrid Sala Pecera Planta 2 17/01/2008     F-14078 1141002 23/02/2023 23/02/2023 Libro impreso